000 00674nam a22001937a 4500
005 20260422130109.0
008 260422b |||||||| |||| 00| 0 eng d
020 _a0890049130 Pbk. Np.
040 _aMMSU
_cULS
_dULS
050 _aRJ 48 L48 1984 REF CHS
100 _aLevy, Howard B.
245 _aDiagnosis and management of the hospitalized child /
_cHoward B. Levy, Stephen H. Sheldon, Rabi F. Sulayman.
260 _aNew York:
_bRaven Press,
_c1984.
300 _axii, 681 pages :
_billustrations ;
_c20 cm.
500 _aIncludes index.
650 _aPediatrics- handbooks, manuals, etc.
650 _aChildren--Hospital Care-- handbooks.
942 _2lcc
_cBK
999 _c29027
_d29027